| 000 | 00641ntaaa2200229 4500 | ||
|---|---|---|---|
| 003 | 01 | ||
| 005 | 20251027202646.0 | ||
| 008 | 0714s1973 ag 01 | ||
| 040 |
_aAR-BaBN _bspa _cAR-BaBN _eaacr _dRIC |
||
| 082 | _a374.0280 AL2c | ||
| 100 | _aCook, Eulalia | ||
| 245 | _aLos candelabros | ||
| 250 | _a1 ed. | ||
| 260 |
_aAlajuela, Costa Rica : _bAlfalit, _c1969 |
||
| 300 | _a33 p | ||
| 500 | _aHistoria adaptada de "Los Miserablre" de Victor Hugo.Material para alfabetización | ||
| 650 |
_aalfabetizacion _92115 |
||
| 700 |
_aSherman, Goddard _926027 |
||
| 700 | _aAlvarez, Oscar | ||
| 700 |
_aChacon, Luis F _926029 |
||
| 942 | _cBK | ||
| 999 |
_c21751 _d21751 |
||